000 00255nam a2200097Ia 4500
005 20251222114401.0
008 251222s1900||||xx |||||||||||||| ||spa||
082 _aDVD0120/M58/2001
245 0 _aLe nozze di Figaro: N.A. Mozart:La boda de FĂ­garo
942 _cDVD
999 _c1655
_d1655